banner-ar

اثر وظيفة المراجعة الداخلية للاستدامة على قيمة الشركة فى ظل الافصاح وبدائل الاسناد / (Record no. 65328)

MARC details
000 -الفاتح
حقل البيانات ثابتة الطول 01208nam a22002537a 4500
005 - وقت وتاريخ اخر تعامل مع التسجيلة
رقم الضبط 20240530110819.0
008 - عناصر البيانات ثابتة الطول - معلومات عامة
حقل البيانات ثابتة الطول 190708s2019 ua g b 00| 0 ara d
017 ## - رقم الايداع القانونى
رقم الايداع القانونى 8751
المصدر ( الهيئة المختصة) مصر. دار الكتب
020 ## - الرقم الدولى المعيارى للكتب
الرقم الدولى المعيارى للكتاب 9789777332316
040 ## - مصدر الفهرسة
وكالة الفهرسة الأصلية EG-CaGPL
وكالة النسخ EG-CaGPL
082 ## - رقم تصنيف ديوى العشرى
رقم الطبعة 21
رقم التصنيف 657.95 /
رقم المادة م أ
100 0# - المدخل الرئيسى - إسم شخصى
الإسم الشخصى محمد فوزى محمد السيد
245 10 - بيان العنوان
العنوان اثر وظيفة المراجعة الداخلية للاستدامة على قيمة الشركة فى ظل الافصاح وبدائل الاسناد /
بيان المسئوليه,etc محمد فوزى محمد السيد
260 ## - PUBLICATION, DISTRIBUTION, ETC. (IMPRINT)
تاريخ النشر أو التوزيع 2019.
300 ## - الوصف المادى
التعداد 292 ص. ؛
أبعاد الوعاء 24 سم.
500 ## - تبصرة عامة
تبصرة عامة رسالة الدكتوراه الحائزة على جائزة بغداد الدولية كافضل اطروحة دكتوراه فى الوطن العربى فى علوم المحاسبة
504 ## - تبصرة ببليوجرافية
تبصرة ببليوجرافية,الخ يشتمل على ارجاعات ببليوجرافية
650 07 - المدخل الاضافى بالموضوع-مصطلح موضوعى
مصدر الرأس أو المصطلح qrmak
مصطلح موضوعي الشركات المساهمة
650 07 - المدخل الاضافى بالموضوع-مصطلح موضوعى
مصدر الرأس أو المصطلح qrmak
مصطلح موضوعي الاستثمار
651 ## - المدخل الاضافى بالموضوع - اسم جغرافى
مصدر الرأس أو المصطلح qrmak
653 #0 - مصطلح تكشيفى غير مقيد
مصطلح غير مقيد الشركات متعددة الجنسيات
942 ## - عناصر المدخل الإضافي( كوها)
مصدر التصنيف او مخطط الترفيف Dewey Decimal Classification
Koha [default] item type كتاب
260 ## - PUBLICATION, DISTRIBUTION, ETC. (IMPRINT)
-- الاسكندرية :
-- دار التعليم الجامعى،
Holdings
حالة التراجع حالة الفقد حالة تلف ليس للاعارة المكان المؤقت الموقع الحالى موقع الترفيف تاريخ الاكتساب اجمالي اﻻعارات رقم الطلب الباركود تاريخ اخر مشاهدة تاريخ تفعيل السعر نوع وعاء كوها
        مكتبة القاهرة الكبرى مكتبة القاهرة الكبرى القاعة الرئيسية 07/08/2019   657.95 / م أ 166049 07/08/2019 07/08/2019 كتاب

Powered By

EGPV